000 00592nam a2200169 i 4500
001 26064
003 ES-MaACL
007 t|
008 030107s1904 gw ||||1| ger d
100 1 _aArndt, Ernst Moritz.
_923081
245 1 0 _aFragmente über Wenschenbildung /
_cErnst Moritz Arndt ; Machder Originalausgabe neu herausgegeben von Dr. Wilhelm Münch un Dr. Heinzich Meisner.
260 _aLangensalza :
_b[s.n.,
_c1904] (
_fHermann Beyer)
300 _aXXVIII, 234 p. ;
_c24 cm.
700 1 _aMünch, Wilhelm.
_984176
700 1 _aMeisner, Heinrich.
_979855
852 _aES-MaACL
_jG-15193
999 _c26064
_d26064